5HLuxD.jpg

KING HENRY VIII SENIOR AND PRIMARY SCHOOL LIBRARY OPAC

Grandpa's great escape / (Record no. 4297)

000 -LEADER
fixed length control field 02544cam a2200505 i 4500
001 - CONTROL NUMBER
control field 19258494
003 - CONTROL NUMBER IDENTIFIER
control field OSt
005 - DATE AND TIME OF LATEST TRANSACTION
control field 20250205130242.0
008 - FIXED-LENGTH DATA ELEMENTS--GENERAL INFORMATION
fixed length control field 160901s2015 nyua j 000 1 eng d
010 ## - LIBRARY OF CONGRESS CONTROL NUMBER
LC control number 2016952954
020 ## - INTERNATIONAL STANDARD BOOK NUMBER
International Standard Book Number 9780008135195
020 ## - INTERNATIONAL STANDARD BOOK NUMBER
International Standard Book Number 9780062560902 (paperback)
020 ## - INTERNATIONAL STANDARD BOOK NUMBER
International Standard Book Number 9780008183424
020 ## - INTERNATIONAL STANDARD BOOK NUMBER
International Standard Book Number 0008135193
020 ## - INTERNATIONAL STANDARD BOOK NUMBER
International Standard Book Number 0008183422
020 ## - INTERNATIONAL STANDARD BOOK NUMBER
International Standard Book Number 9780062560896
020 ## - INTERNATIONAL STANDARD BOOK NUMBER
International Standard Book Number 0062560891
035 ## - SYSTEM CONTROL NUMBER
System control number (OCoLC)ocn919387020
040 ## - CATALOGING SOURCE
Original cataloging agency ATWFP
Language of cataloging eng
Description conventions rda
Transcribing agency ATWFP
Modifying agency NZFNP
-- OCLCO
-- ATMAZ
-- OCLCO
-- AUOAC
-- OCLCQ
-- OCLCO
-- OCLCF
-- OCLCO
-- AUOAC
-- ORK
-- KFW
-- OCLCO
-- IGA
-- OCL
-- BTCTA
-- MIA
-- DLC
042 ## - AUTHENTICATION CODE
Authentication code lccopycat
050 00 - LIBRARY OF CONGRESS CALL NUMBER
Classification number PZ7.W1593357
Item number Gr 2015
082 04 - DEWEY DECIMAL CLASSIFICATION NUMBER
Classification number 823.93
Edition number 23
100 1# - MAIN ENTRY--PERSONAL NAME
Personal name Walliams, David,
Dates associated with a name 1971-
Relator term author.
245 10 - TITLE STATEMENT
Title Grandpa's great escape /
Statement of responsibility, etc. written by David Walliams ; illustrated by Tony Ross.
264 #1 - PRODUCTION, PUBLICATION, DISTRIBUTION, MANUFACTURE, AND COPYRIGHT NOTICE
Place of production, publication, distribution, manufacture New York, NY :
Name of producer, publisher, distributor, manufacturer Harper, an imprint of HarperCollinsPublishers,
Date of production, publication, distribution, manufacture, or copyright notice [2015].
300 ## - PHYSICAL DESCRIPTION
Extent 437, 13 pages :
Other physical details illustrations ;
Dimensions 22 cm
336 ## - CONTENT TYPE
Content type term text
Content type code txt
Source rdacontent
337 ## - MEDIA TYPE
Media type term unmediated
Media type code n
Source rdamedia
338 ## - CARRIER TYPE
Carrier type term volume
Carrier type code nc
Source rdacarrier
520 8# - SUMMARY, ETC.
Summary, etc. Jack's Grandpa wears his slippers to the supermarket serves up Spam à la Custard for dinner and often doesn't remember Jack's name But he can still take to the skies in a speeding Spitfire and save the day An exquisite portrait of the bond between a small boy and his beloved Grandpa this book takes readers on an incredible journey with Spitfires over London and Great Escapes through the city in a high octane adventure full of comedy and heart. Illustrated by the award-winning Tony Ross.
650 #0 - SUBJECT ADDED ENTRY--TOPICAL TERM
Topical term or geographic name entry element Grandfathers
Form subdivision Juvenile fiction.
650 #0 - SUBJECT ADDED ENTRY--TOPICAL TERM
Topical term or geographic name entry element Grandparent and child
Form subdivision Juvenile fiction.
650 #0 - SUBJECT ADDED ENTRY--TOPICAL TERM
Topical term or geographic name entry element Nursing home care
Form subdivision Juvenile fiction.
650 #0 - SUBJECT ADDED ENTRY--TOPICAL TERM
Topical term or geographic name entry element Escapes
Form subdivision Juvenile fiction.
650 #7 - SUBJECT ADDED ENTRY--TOPICAL TERM
Topical term or geographic name entry element JUVENILE FICTION / Action & Adventure.
Source of heading or term bisacsh
650 #7 - SUBJECT ADDED ENTRY--TOPICAL TERM
Topical term or geographic name entry element JUVENILE FICTION / Family / Multigenerational.
Source of heading or term bisacsh
650 #7 - SUBJECT ADDED ENTRY--TOPICAL TERM
Topical term or geographic name entry element JUVENILE FICTION / Humorous Stories.
Source of heading or term bisacsh
655 #0 - INDEX TERM--GENRE/FORM
Genre/form data or focus term Family saga.
655 #7 - INDEX TERM--GENRE/FORM
Genre/form data or focus term Humorous fiction.
Source of term lcgft
700 1# - ADDED ENTRY--PERSONAL NAME
Personal name Ross, Tony,
Relator term illustrator.
775 08 - OTHER EDITION ENTRY
Relationship information Reproduction of (manifestation):
Main entry heading Walliams, David, 1971-
Title Grandpa's great escape
Place, publisher, and date of publication London : HarperCollins Children's Books, 2015
International Standard Book Number 9780007494019
906 ## - LOCAL DATA ELEMENT F, LDF (RLIN)
a 7
b cbc
c copycat
d 2
e epcn
f 20
g y-gencatlg
942 ## - ADDED ENTRY ELEMENTS (KOHA)
Source of classification or shelving scheme
Koha item type Books - Fiction
Holdings
Withdrawn status Lost status Source of classification or shelving scheme Damaged status Not for loan Permanent Location Current Location Shelving location Date acquired Total Checkouts Full call number Barcode Date last seen Date last checked out Price effective from Koha item type Public note
          KH8 Primary School Library KH8 Primary School Library Fiction 2025-02-05 5 823.93 WAL 3KHPL000001220 2025-12-05 2025-09-29 2025-02-05 Books - Fiction KH8 PRIMARY LIBRARY

Powered By KH8 IT Dept